[Event "CZE-ch U16"]
[Site "Kouty nad Desnou"]
[Date "2024.03.16"]
[Round "9"]
[White "Juhanak, Daniel"]
[Black "Jasso, Matej"]
[Result "1-0"]
[WhiteElo "2005"]
[BlackElo "2060"]
[PlyCount "81"]
[EventDate "2024.03.09"]
[EventType "swiss"]
[EventRounds "9"]
[EventCountry "CZE"]
[SourceTitle "CB12_2024"]
[SourceDate "2023.10.01"]
[SourceVersion "1"]
[SourceVersionDate "2023.10.01"]
[SourceQuality "1"]

1. e4 c5 2. Nf3 d6 3. d4 cxd4 4. Nxd4 Nf6 5. Nc3 a6 6. a3 e5 7. Nf5 d5 8. Bg5 d4 9. Bxf6 gxf6 10. Nb1 Bxf5 11. exf5 Qa5+ 12. Nd2 Bh6 13. Bd3 Nc6 14. b4 Bxd2+ 15. Qxd2 Qd5 16. f3 Na7 17. Be4 Qd7 18. c4 Nc6 19. Qd3 Ke7 20. 0-0 Rab8 21. c5 b5 22. Rae1 Kd8 23. Qd2 d3 24. Bxc6 Qxc6 25. Qxd3+ Kc7 26. Rd1 Rbd8 27. Qe4 Qxe4 28. fxe4 Kc6 29. Kf2 Rhg8 30. g3 h6 31. Ke2 Rh8 32. Rxd8 Rxd8 33. Rd1 Rh8 34. Rd6+ Kb7 35. Rxf6 Rh7 36. Kf3 h5 37. Rd6 h4 38. g4 Rh8 39. g5 Rg8 40. Kg4 h3 41. Rd7+ 1-0

[Event "CZE-ch U16"]
[Site "Kouty nad Desnou"]
[Date "2024.03.11"]
[Round "3"]
[White "Juhanak, Daniel"]
[Black "Mikolas, Petr"]
[Result "1-0"]
[WhiteElo "2005"]
[BlackElo "1957"]
[PlyCount "65"]
[EventDate "2024.03.09"]
[EventType "swiss"]
[EventRounds "9"]
[EventCountry "CZE"]
[SourceTitle "CB12_2024"]
[SourceDate "2023.10.01"]
[SourceVersion "1"]
[SourceVersionDate "2023.10.01"]
[SourceQuality "1"]

1. d4 d5 2. c4 e6 3. Nf3 Nf6 4. g3 dxc4 5. Bg2 a6 6. 0-0 Nbd7 7. a4 Rb8 8. a5 Bd6 9. Nbd2 0-0 10. Nxc4 Qe7 11. b3 Rd8 12. Qc2 b5 13. axb6 Nxb6 14. Nfe5 Bd7 15. Rxa6 Nfd5 16. Bd2 Bb5 17. Ra5 Qe8 18. Nd3 Bf8 19. Rfa1 Ra8 20. h3 h6 21. Kh2 Rxa5 22. Rxa5 Ra8 23. e4 Ne7 24. Nde5 Nc6 25. Nxc6 Bxc6 26. Ne5 Rxa5 27. Bxa5 Ba8 28. Qxc7 Nc8 29. Nxf7 Qxf7 30. Qxc8 Bb7 31. Qc7 g6 32. Qxf7+ Kxf7 33. e5 1-0

[Event "CZE-chT1W 2223"]
[Site "Czech Republic"]
[Date "2023.03.19"]
[Round "10.2"]
[White "Juhanak, Daniel"]
[Black "Martirosyan, David"]
[Result "1-0"]
[WhiteElo "1978"]
[BlackElo "1993"]
[PlyCount "47"]
[EventDate "2022.10.09"]
[EventType "team-tourn"]
[EventRounds "11"]
[EventCountry "CZE"]
[SourceTitle "EXT 2024"]
[Source "ChessBase"]
[SourceDate "2023.10.10"]
[SourceVersion "1"]
[SourceVersionDate "2023.10.10"]
[SourceQuality "1"]
[WhiteTeam "Unichess Sousek"]
[BlackTeam "Ricany Betsys II"]
[WhiteTeamCountry "CZE"]
[BlackTeamCountry "CZE"]

1. c4 e6 2. Nf3 d5 3. e3 Nf6 4. Nc3 b6 5. cxd5 exd5 6. b4 Bb7 7. Qb3 a6 8. Bb2 Nbd7 9. d4 c6 10. Bd3 Qe7 11. a3 b5 12. 0-0 g6 13. e4 dxe4 14. Nxe4 Nxe4 15. Bxe4 Nf6 16. d5 cxd5 17. Bd3 Rg8 18. Rfe1 Ne4 19. Nd4 Kd8 20. f3 Nd2 21. Qc2 Qg5 22. Nc6+ Kd7 23. Ne5+ Ke7 24. Qc7+ 1-0

[Event "CZE-ch U14"]
[Site "Teplice"]
[Date "2023.03.18"]
[Round "9"]
[White "Juhanak, Daniel"]
[Black "Babula, Matej"]
[Result "1-0"]
[WhiteElo "1952"]
[BlackElo "1796"]
[PlyCount "53"]
[EventDate "2023.03.11"]
[EventType "swiss"]
[EventRounds "9"]
[EventCountry "CZE"]
[SourceTitle "CBM 213 Extra"]
[Source "ChessBase"]
[SourceDate "2023.05.31"]
[SourceVersion "1"]
[SourceVersionDate "2023.05.31"]
[SourceQuality "1"]

1. c4 Nf6 2. Nc3 e6 3. Nf3 Bb4 4. Qc2 b6 5. a3 Bxc3 6. Qxc3 0-0 7. e3 Bb7 8. b4 d6 9. d3 e5 10. Bb2 Nbd7 11. Be2 Ne8 12. 0-0 f5 13. c5 bxc5 14. bxc5 Bd5 15. cxd6 cxd6 16. Rfc1 Rf6 17. e4 fxe4 18. dxe4 Bxe4 19. Ng5 Bg6 20. Bd3 Qb6 21. Qc4+ Kh8 22. Bxg6 Qxf2+ 23. Kh1 hxg6 24. Rc3 d5 25. Rh3+ Kg8 26. Qxd5+ Kf8 27. Nh7+ 1-0

[Event "CZE-ch U14"]
[Site "Teplice"]
[Date "2023.03.16"]
[Round "7"]
[White "Juhanak, Daniel"]
[Black "Ocelak, David"]
[Result "1/2-1/2"]
[WhiteElo "1952"]
[BlackElo "1608"]
[PlyCount "81"]
[EventDate "2023.03.11"]
[EventType "swiss"]
[EventRounds "9"]
[EventCountry "CZE"]
[SourceTitle "CBM 213 Extra"]
[Source "ChessBase"]
[SourceDate "2023.05.31"]
[SourceVersion "1"]
[SourceVersionDate "2023.05.31"]
[SourceQuality "1"]

1. d4 Nf6 2. Nf3 e6 3. c4 Bb4+ 4. Bd2 Qe7 5. a3 Bxd2+ 6. Nbxd2 0-0 7. e3 d6 8. Qc2 Nbd7 9. Bd3 e5 10. 0-0 Re8 11. Ne4 exd4 12. Nxf6+ Nxf6 13. Nxd4 a6 14. b4 Ne4 15. Bxe4 Qxe4 16. Qxe4 Rxe4 17. Rac1 b6 18. c5 dxc5 19. bxc5 b5 20. Rfd1 Kf8 21. c6 Rb8 22. Rc5 g6 23. Rb1 Ke8 24. Rb4 Ra8 25. h3 f5 26. Nb3 Rxb4 27. axb4 Be6 28. Nd4 Kf7 29. Rc1 Rb8 30. f3 Bc4 31. Kf2 Rd8 32. f4 Kf6 33. g4 h6 34. Ra1 Ra8 35. Nf3 Be6 36. Ne5 g5 37. Ra3 Rd8 38. Rxa6 Rd2+ 39. Kg1 Rd1+ 40. Kf2 Rd2+ 41. Kg1 1/2-1/2

[Event "CZE-chT1W 2223"]
[Site "Czech Republic"]
[Date "2022.12.11"]
[Round "5.5"]
[White "Juhanak, Daniel"]
[Black "Voracek, Zdenek"]
[Result "1-0"]
[WhiteElo "1978"]
[BlackElo "1898"]
[PlyCount "67"]
[EventDate "2022.10.09"]
[EventType "team-tourn"]
[EventRounds "11"]
[EventCountry "CZE"]
[SourceTitle "CBM 213 Extra"]
[Source "ChessBase"]
[SourceDate "2023.05.31"]
[SourceVersion "1"]
[SourceVersionDate "2023.05.31"]
[SourceQuality "1"]
[WhiteTeam "Unichess Sousek"]
[BlackTeam "Ricany Betsys"]
[WhiteTeamCountry "CZE"]
[BlackTeamCountry "CZE"]

1. e4 Nf6 2. e5 Nd5 3. d4 d6 4. c4 Nb6 5. f4 Bf5 6. Nc3 dxe5 7. fxe5 e6 8. Nf3 Bb4 9. Qb3 c5 10. a3 cxd4 11. axb4 dxc3 12. bxc3 0-0 13. Be3 Qc7 14. Bc5 Rc8 15. Bd6 Qc6 16. Nd2 N6d7 17. c5 Qd5 18. Qxd5 exd5 19. Be2 Nc6 20. 0-0 g6 21. Nf3 a6 22. Nd4 Nxd4 23. cxd4 Nf8 24. Bxf8 Kxf8 25. g4 Bd7 26. g5 Ke7 27. Ra5 h6 28. gxh6 Rh8 29. Rf6 Rab8 30. Rb6 Bc6 31. b5 axb5 32. Bxb5 Rbc8 33. Ra7 Ke6 34. Raxb7 1-0

[Event "CZE-ch U14"]
[Site "Luhacovice"]
[Date "2022.03.12"]
[Round "1"]
[White "Juhanak, Daniel"]
[Black "Hladky, Tadeas"]
[Result "0-1"]
[WhiteElo "1688"]
[BlackElo "2029"]
[PlyCount "120"]
[EventDate "2022.03.12"]
[EventType "swiss"]
[EventRounds "9"]
[EventCountry "CZE"]
[SourceTitle "EXT 2023"]
[Source "ChessBase"]
[SourceDate "2022.10.05"]
[SourceVersion "1"]
[SourceVersionDate "2022.10.05"]
[SourceQuality "1"]

1. e4 e5 2. Nf3 Nc6 3. d4 exd4 4. Nxd4 Bc5 5. Be3 Qf6 6. c3 Nge7 7. Bc4 Ne5 8. Nd2 Qg6 9. Be2 Qxg2 10. Rf1 d5 11. N2f3 Nxf3+ 12. Bxf3 Qxh2 13. exd5 Qe5 14. Qb3 Bxd4 15. Qa4+ Bd7 16. Qxd4 Qxd4 17. Bxd4 Nf5 18. Bc5 b6 19. Ba3 0-0-0 20. 0-0-0 Nd6 21. b3 Bf5 22. c4 Be4 23. Bxe4 Nxe4 24. Rd4 Rhe8 25. Bb2 f6 26. Rg1 Rd7 27. f3 Ng5 28. Rf1 Re3 29. Rh4 h6 30. f4 Ne4 31. Rg4 Nd6 32. f5 Re2 33. Rgf4 Ne4 34. R1f3 Re7 35. Rg4 Ng5 36. Rf1 Rh2 37. Bd4 Rxa2 38. Kb1 Rae2 39. Rgf4 Ne4 40. Kc1 Ng3 41. Rg1 Rh2 42. Kd1 Ne2 43. Re1 Kd7 44. Rg4 h5 45. Rg6 Nxd4 46. Rxe7+ Kxe7 47. Rxg7+ Kd6 48. Rf7 Nxf5 49. Rxf6+ Ke5 50. Rf7 Ke4 51. Kc1 Nd4 52. Rxc7 Nxb3+ 53. Kb1 Kd3 54. Re7 Kxc4 55. d6 Rd2 56. d7 Nc5 57. Rh7 Kb3 58. Kc1 Kc3 59. d8Q Rxd8 60. Rc7 h4 0-1

[Event "EU-ch Hybrid U12"]
[Site "Tornelo INT"]
[Date "2021.10.15"]
[Round "3"]
[White "Juhanak, Daniel"]
[Black "Blumenthal, Michael"]
[Result "1/2-1/2"]
[WhiteElo "1824"]
[BlackElo "1417"]
[PlyCount "86"]
[EventDate "2021.10.15"]
[EventType "swiss"]
[EventRounds "9"]
[EventCountry "NET"]
[SourceTitle "EXT 2023"]
[Source "ChessBase"]
[SourceDate "2022.10.05"]
[SourceVersion "1"]
[SourceVersionDate "2022.10.05"]
[SourceQuality "1"]
[WhiteTeam "Czech Republic"]
[BlackTeam "Israel"]
[WhiteTeamCountry "CZE"]
[BlackTeamCountry "ISR"]

1. e4 c5 2. Nf3 d6 3. d4 cxd4 4. Nxd4 Nf6 5. Nc3 Nc6 6. Bg5 e6 7. Qd2 Be7 8. 0-0-0 0-0 9. Ndb5 Qa5 10. f4 Rd8 11. Bxf6 Bxf6 12. Nxd6 e5 13. Qd5 Qxd5 14. Rxd5 exf4 15. Nxc8 Raxc8 16. Bc4 Re8 17. Nb5 Ne7 18. Nd6 Rxc4 19. Nxc4 Nxd5 20. exd5 Rd8 21. Rd1 Rd7 22. Rd3 g5 23. Nd2 h6 24. c4 b6 25. b3 Be5 26. Nf3 Bd6 27. h3 Kg7 28. Nd4 Kg6 29. Kd1 Bc5 30. Nc6 Kf5 31. b4 Be3 32. Ra3 b5 33. c5 Rxd5+ 34. Ke1 Bd2+ 35. Ke2 Rd7 36. Rxa7 Rxa7 37. Nxa7 Bxb4 38. c6 Ba5 39. Nxb5 Ke6 40. Kd3 f5 41. Nd4+ Ke5 42. Nb5 Ke6 43. Nd4+ Ke5 1/2-1/2

[Event "EU-ch Hybrid U12"]
[Site "Tornelo INT"]
[Date "2021.10.15"]
[Round "9"]
[White "Juhanak, Daniel"]
[Black "Filipe, Gustavo Castro"]
[Result "1/2-1/2"]
[WhiteElo "1824"]
[BlackElo "1406"]
[PlyCount "46"]
[EventDate "2021.10.15"]
[EventType "swiss"]
[EventRounds "9"]
[EventCountry "NET"]
[SourceTitle "EXT 2023"]
[Source "ChessBase"]
[SourceDate "2022.10.05"]
[SourceVersion "1"]
[SourceVersionDate "2022.10.05"]
[SourceQuality "1"]
[WhiteTeam "Czech Republic"]
[BlackTeam "Portugal"]
[WhiteTeamCountry "CZE"]
[BlackTeamCountry "POR"]

1. e4 c5 2. Nf3 d6 3. d4 cxd4 4. Nxd4 Nf6 5. Nc3 g6 6. Be3 Bg7 7. f3 0-0 8. Qd2 Nc6 9. 0-0-0 d5 10. Qe1 e5 11. Nxc6 bxc6 12. exd5 Nxd5 13. Bc4 Be6 14. Kb1 Nxc3+ 15. Qxc3 Qc8 16. Bc5 e4 17. Bxe6 Qxe6 18. Qb3 Rfb8 19. Qxe6 Rxb2+ 20. Kc1 fxe6 21. a3 Rb5 22. Bd6 Rd8 23. c4 Rb2 1/2-1/2

[Event "EU-ch Hybrid U12"]
[Site "Tornelo INT"]
[Date "2021.10.15"]
[Round "6"]
[White "Mehtizada, Murad"]
[Black "Juhanak, Daniel"]
[Result "1/2-1/2"]
[WhiteElo "1486"]
[BlackElo "1824"]
[PlyCount "136"]
[EventDate "2021.10.15"]
[EventType "swiss"]
[EventRounds "9"]
[EventCountry "NET"]
[SourceTitle "EXT 2023"]
[Source "ChessBase"]
[SourceDate "2022.10.05"]
[SourceVersion "1"]
[SourceVersionDate "2022.10.05"]
[SourceQuality "1"]
[WhiteTeam "Azerbaijan"]
[BlackTeam "Czech Republic"]
[WhiteTeamCountry "AZE"]
[BlackTeamCountry "CZE"]

1. e4 c5 2. c3 Nf6 3. e5 Nd5 4. Bc4 Nb6 5. Bb3 d6 6. Nf3 e6 7. d4 cxd4 8. cxd4 Nc6 9. 0-0 Be7 10. Nc3 0-0 11. Bc2 dxe5 12. dxe5 Qxd1 13. Rxd1 Nd7 14. Bf4 g5 15. Nxg5 Bxg5 16. Bxg5 Ndxe5 17. Ne4 Kg7 18. Bf6+ Kg8 19. h4 Ng4 20. Rd3 Nxf6 21. Rg3+ Kh8 22. Nxf6 Nd4 23. Bd3 Nf5 24. Rh3 Kg7 25. Nh5+ Kh6 26. g4 e5 27. Nf6 Nd4 28. Nxh7 Bxg4 29. Rg3 Rfd8 30. Ng5 Bh5 31. Rc1 Rd7 32. Rc5 f6 33. Ne4 Nf3+ 34. Kg2 Rxd3 35. Nxf6 Nxh4+ 36. Kh3 Rxg3+ 37. Kxg3 Nf5+ 38. Kg2 Nh4+ 39. Kh3 Ng6 40. Rc7 Bf3 41. Kg3 Bc6 42. Kg4 Rh8 43. b4 a6 44. a4 Bxa4 45. Rxb7 Bb5 46. Kf5 Bd3+ 47. Kg4 Nf4 48. Rb6 Kg7 49. Kg5 Rh2 50. Rb7+ Kh8 51. Rb8+ Kg7 52. Rb7+ Kf8 53. Nd7+ Ke8 54. Nxe5 Rxf2 55. Nxd3 Nxd3 56. b5 a5 57. Ra7 Ra2 58. b6 Nc5 59. b7 Nxb7 60. Rxb7 a4 61. Kf6 Kd8 62. Ke5 Kc8 63. Rb1 Kc7 64. Kd4 Kc6 65. Kc3 Kc5 66. Rh1 Ra3+ 67. Kb2 Rb3+ 68. Ka2 Kb4 1/2-1/2

[Event "CZE-ch Betsys Online Blitz"]
[Site "Chess.com INT"]
[Date "2021.04.17"]
[Round "2"]
[White "Dofek, Tomas"]
[Black "Juhanak, Daniel"]
[Result "0-1"]
[WhiteElo "1189"]
[BlackElo "1691"]
[PlyCount "74"]
[EventDate "2021.04.17"]
[EventType "swiss (blitz)"]
[EventRounds "13"]
[EventCountry "CZE"]
[SourceTitle "CBM 201 Extra"]
[Source "ChessBase"]
[SourceDate "2021.05.31"]
[SourceVersion "1"]
[SourceVersionDate "2021.05.31"]
[SourceQuality "1"]

1. e4 c5 2. Nf3 d6 3. Nc3 Nf6 4. d4 cxd4 5. Nxd4 a6 6. Be2 Nbd7 7. 0-0 e6 8. Bg5 Be7 9. Qd2 0-0 10. Rfe1 Qc7 11. Rad1 b5 12. Bf3 Bb7 13. Qe3 Ne5 14. h3 Rfc8 15. Be2 b4 16. Na4 Rab8 17. b3 Nxe4 18. Bxe7 Qxe7 19. Nb6 Rc3 20. Qc1 Qc7 21. Nc4 Nxc4 22. Bxc4 d5 23. Bd3 a5 24. Nb5 Qc6 25. Nxc3 Nxc3 26. Rd2 a4 27. Re3 d4 28. Rg3 Nxa2 29. Qb2 Nc3 30. bxa4 g6 31. Qb3 Qxa4 32. Qxa4 Nxa4 33. Bb5 Nc3 34. Bd7 e5 35. Bg4 Ne4 36. Rgd3 Nxd2 37. Rxd2 Ba6 0-1

[Event "CZE-ch Betsys Online Blitz"]
[Site "Chess.com INT"]
[Date "2021.04.17"]
[Round "10"]
[White "Juhanak, Daniel"]
[Black "Soucek, Andrej"]
[Result "0-1"]
[WhiteElo "1691"]
[BlackElo "1141"]
[PlyCount "60"]
[EventDate "2021.04.17"]
[EventType "swiss (blitz)"]
[EventRounds "13"]
[EventCountry "CZE"]
[SourceTitle "CBM 201 Extra"]
[Source "ChessBase"]
[SourceDate "2021.05.31"]
[SourceVersion "1"]
[SourceVersionDate "2021.05.31"]
[SourceQuality "1"]

1. d4 Nf6 2. Nf3 d5 3. c4 c6 4. g3 Bf5 5. Bg2 e6 6. 0-0 Nbd7 7. Nbd2 Bd6 8. Nh4 Bg6 9. b3 Qe7 10. Bb2 0-0-0 11. c5 Bc7 12. b4 Nh5 13. Qa4 a6 14. Qb3 f5 15. a4 Bf7 16. b5 g5 17. bxc6 bxc6 18. Nhf3 f4 19. Bc3 g4 20. Nh4 fxg3 21. hxg3 Nxg3 22. Rfb1 Nb8 23. Qb7+ Kd7 24. fxg3 Ke8 25. Qa7 Bxg3 26. Qxe7+ Kxe7 27. Nf5+ exf5 28. Rb7+ Rd7 29. Rxd7+ Kxd7 30. Rf1 f4 0-1

[Event "Ceske Budejovice op-A"]
[Site "Ceske Budejovice"]
[Date "2020.07.09"]
[Round "9"]
[White "Svoboda, Petr1111"]
[Black "Juhanak, Daniel"]
[Result "1-0"]
[WhiteElo "1633"]
[BlackElo "1754"]
[PlyCount "47"]
[EventDate "2020.07.01"]
[EventType "swiss"]
[EventRounds "9"]
[EventCountry "CZE"]
[SourceTitle "CBM 197 Extra"]
[Source "ChessBase"]
[SourceDate "2020.09.30"]
[SourceVersion "1"]
[SourceVersionDate "2020.09.30"]
[SourceQuality "1"]

1. e4 c5 2. Nf3 e6 3. d4 cxd4 4. Nxd4 Nf6 5. Nc3 Nc6 6. Ndb5 Bb4 7. a3 Bxc3+ 8. Nxc3 d5 9. Bd3 0-0 10. 0-0 d4 11. Ne2 e5 12. h3 h6 13. f4 exf4 14. Bxf4 Re8 15. Ng3 b6 16. Qd2 Ne5 17. Bxh6 Nxd3 18. cxd3 gxh6 19. Qxh6 Re6 20. Qg5+ Kh8 21. Qh4+ Kg7 22. Nh5+ Kg6 23. Rf5 Bb7 24. Rg5+ 1-0

[Event "Ceske Budejovice op-A"]
[Site "Ceske Budejovice"]
[Date "2020.07.06"]
[Round "6"]
[White "Pors, Jaroslav"]
[Black "Juhanak, Daniel"]
[Result "1-0"]
[WhiteElo "1918"]
[BlackElo "1754"]
[PlyCount "101"]
[EventDate "2020.07.01"]
[EventType "swiss"]
[EventRounds "9"]
[EventCountry "CZE"]
[SourceTitle "CBM 197 Extra"]
[Source "ChessBase"]
[SourceDate "2020.09.30"]
[SourceVersion "1"]
[SourceVersionDate "2020.09.30"]
[SourceQuality "1"]

1. d4 Nf6 2. Nf3 e6 3. c4 b6 4. g3 Bb7 5. Bg2 Be7 6. 0-0 0-0 7. d5 exd5 8. Nh4 Re8 9. cxd5 Bf8 10. Nf5 Ne4 11. Qd3 Nd6 12. Nc3 Nxf5 13. Qxf5 g6 14. Qc2 c5 15. dxc6 dxc6 16. Rd1 Qe7 17. Bf4 Nd7 18. Nb5 Nc5 19. Nc7 Ne6 20. Bd6 Qd8 21. Nxe8 Qxe8 22. Bxf8 Qxf8 23. Rd2 Nc5 24. Rad1 Re8 25. Qc3 a5 26. Qf6 Re6 27. Qh4 Re8 28. e3 Ne6 29. Qf6 b5 30. Rd6 Nc5 31. Bxc6 Bxc6 32. Rxc6 Ne4 33. Qd4 Ng5 34. Kg2 Qh6 35. Qh4 Qxh4 36. gxh4 Ne6 37. Rb6 b4 38. Rd7 Rc8 39. Rd2 Kg7 40. Rb7 Kg8 41. Kf1 Rc1+ 42. Kg2 Ra1 43. b3 Rc1 44. Rb5 Nc5 45. Rd8+ Kg7 46. Rc8 Nxb3 47. Rxc1 Nxc1 48. Rxa5 b3 49. a4 b2 50. Rb5 Nd3 51. a5 1-0

[Event "Ceske Budejovice op-A"]
[Site "Ceske Budejovice"]
[Date "2020.07.03"]
[Round "3"]
[White "Tajovsky, Matej"]
[Black "Juhanak, Daniel"]
[Result "0-1"]
[WhiteElo "1882"]
[BlackElo "1754"]
[PlyCount "72"]
[EventDate "2020.07.01"]
[EventType "swiss"]
[EventRounds "9"]
[EventCountry "CZE"]
[SourceTitle "CBM 197 Extra"]
[Source "ChessBase"]
[SourceDate "2020.09.30"]
[SourceVersion "1"]
[SourceVersionDate "2020.09.30"]
[SourceQuality "1"]

1. e4 c5 2. Nf3 e6 3. d4 cxd4 4. Nxd4 Nf6 5. Nc3 Nc6 6. Nxc6 bxc6 7. e5 Nd5 8. Ne4 Qc7 9. f4 Qb6 10. c4 Bb4+ 11. Ke2 f5 12. exf6 Nxf6 13. Be3 Qd8 14. Nxf6+ Qxf6 15. Qc2 Rb8 16. Rd1 0-0 17. g3 e5 18. Bh3 exf4 19. Rhf1 Bc5 20. Rxf4 Rxb2 21. Rxf6 Rxc2+ 22. Kd3 Rxf6 23. Bxc5 Rxh2 24. Bg4 Rg6 25. Rf1 d6 26. Bxc8 dxc5 27. a4 Rxg3+ 28. Ke4 h5 29. Be6+ Kh7 30. Kf4 Rgg2 31. Rb1 g5+ 32. Kf5 Rb2 33. Rd1 Rhd2 34. Rh1 Kh6 35. Bf7 Rf2+ 36. Ke6 Rbe2+ 0-1

[Event "CZE-ch U12"]
[Site "Kouty nad Desnou"]
[Date "2020.03.12"]
[Round "7"]
[White "Prazak, Daniel"]
[Black "Juhanak, Daniel"]
[Result "0-1"]
[WhiteElo "1765"]
[BlackElo "1656"]
[PlyCount "92"]
[EventDate "2020.03.07"]
[EventType "swiss"]
[EventRounds "7"]
[EventCountry "CZE"]
[SourceTitle "CBM 195 Extra"]
[Source "ChessBase"]
[SourceDate "2020.05.31"]
[SourceVersion "1"]
[SourceVersionDate "2020.05.31"]
[SourceQuality "1"]

1. d4 Nf6 2. Nf3 d5 3. c4 dxc4 4. e3 e6 5. Bxc4 c5 6. 0-0 a6 7. dxc5 Qxd1 8. Rxd1 Bxc5 9. a3 b5 10. Be2 0-0 11. b4 Be7 12. Bb2 Bb7 13. Nbd2 Nbd7 14. Rac1 Rac8 15. Nd4 Rfd8 16. Bf3 Nd5 17. N2b3 Bf6 18. e4 N5b6 19. e5 Bxf3 20. Nxf3 Be7 21. Na5 Nc4 22. Nxc4 bxc4 23. Bd4 f6 24. g3 fxe5 25. Nxe5 Nxe5 26. Bxe5 Rd5 27. f4 Kf7 28. Kf2 Bf6 29. Bxf6 gxf6 30. Kf3 Ke7 31. Re1 Kd6 32. Re3 Rd4 33. Rce1 Re8 34. Re4 Kd5 35. R4e3 e5 36. Kg4 Rd3 37. Kf5 Rxe3 38. Rxe3 Kd4 39. Re1 c3 40. Kxf6 e4 41. Kf7 Rc8 42. f5 c2 43. f6 c1Q 44. Rxc1 Rxc1 45. Kg7 Rf1 46. g4 e3 0-1